| 000 | 00373nam a22001217a 4500 | ||
|---|---|---|---|
| 003 | OSt | ||
| 082 | _a664 | ||
| 088 | _aT569 | ||
| 100 |
_aNASIM BANU B _94272 |
||
| 245 | _aAQUEOUS EXTRACTION OF ANTHOCYANINS FROM HIBISCUS BY COUPLING INSTANTANEOUS PRESSURE DROP AND MICROWAVE ASSISTED PROCESS | ||
| 260 |
_aThavanur _bDeparment of post harvest technology _c2023 |
||
| 942 | _cTH | ||
| 999 |
_c17652 _d17652 |
||